000 00604nam a2200205Ia 4500
005 20250923145500.0
008 008 250917s9999 xx 000 0 eng d
037 _aTextual
040 _aDSWL
_beng
_cDSWL
041 _aeng
_2eng
084 _aX.2' N6:g, N78;1
_qDSWL
100 _aShetty, S.L.
_9835768
245 0 _aStructural Retrogression in the Indin Economy Since Mid Sixties
_c by S.L.Shetty
260 _aBombay
_bEco. & Pub. Weekly
_c1978
300 _a79 p.
365 _aINR
_b10
925 _g10
942 _cTEXL
_hX.2' N6:g, N78;1
999 _c1451873
_d1451873